|
|
|
|
| LEADER |
00728nab a2200217 i 4500 |
| 001 |
publ33024 |
| 005 |
20250514143637.0 |
| 008 |
250514s1987 hu o 000 eng d |
| 022 |
|
|
|a 0735-0414
|
| 024 |
7 |
|
|a 11863
|2 mtmt
|
| 040 |
|
|
|a SZTE Publicatio Repozitórium
|b hun
|
| 041 |
|
|
|a eng
|
| 100 |
1 |
|
|a Szabó Gyula
|
| 245 |
1 |
0 |
|a Effects of neurohypophyseal peptide hormones on alcohol dependence and withdrawal
|h [elektronikus dokumentum] /
|c Szabó Gyula
|
| 260 |
|
|
|c 1987
|
| 300 |
|
|
|a 71-74
|
| 490 |
0 |
|
|a ALCOHOL AND ALCOHOLISM
|v 22 No. 1
|
| 650 |
|
4 |
|a Klinikai orvostan
|
| 700 |
0 |
1 |
|a Kovács L. Gábor
|e aut
|
| 700 |
0 |
1 |
|a Telegdy Gyula
|e aut
|
| 856 |
4 |
0 |
|u http://publicatio.bibl.u-szeged.hu/33024/1/aok_klny_1034_87.pdf
|z Dokumentum-elérés
|